| 000 | 00969nam a22001937a 4500 | ||
|---|---|---|---|
| 999 |
_c62734 _d62734 |
||
| 005 | 20250203163247.0 | ||
| 008 | 250203s1917 ru ||||| |||| 00| 0 ru d | ||
| 020 | _a9785954600384 | ||
| 041 | _arus | ||
| 080 | _a629.33.017 Т-38 | ||
| 100 |
_aДидманидзе, О. Н. _924227 |
||
| 245 |
_aТехническая эксплуатация автомобилей: _bучебник : [для вузов по специальности "Автомобили и автомобил. хоз-во"] / _cО. Н.Дидманидзе, А.А. Солнцев, А.М. Карев и др. |
||
| 264 |
_aМосква : _bРосиформагротех, _c2017. |
||
| 300 |
_a564 стр. _bил. _c21 см. |
||
| 653 | _aსატრანსპორტო საშუალებების მოვლა | ||
| 700 |
_aСолнцев, А.А. _eავტორი _924228 |
||
| 700 |
_aКарев, А.М. и др _eავტორი _924229 |
||
| 942 |
_2udc _cᲬᲘᲒᲜᲘ |
||